00566nam a2200181Ia 4500001002700000003000900027008004100036040002300077041001300100100002100113245001400134250001500148260003800163300001900201490003100220501012400251520000900375271.709 2-AGA do bo (6609)IT-MiSPE171229s9999||||xx |||||||||||||| ||und|| aIT-MiSPEcIT-MiSPE aITALIANO aDomenico Agasso  0aDon Bosco a1a ed. (v) aCinisello B.mobEd. Paolinec1988 a204 p. c20 cm aSanti per ogni stagionev5 aEdizioni San Paolo srl - Piazza Soncino, 5 - 20092 CINISELLO BALSAMO (MI) (non commercial uses only) ® Copyright 2018 aTav.